|
|
|
แสดงรายละเอียดบรรณานุกรม |
|
|
Brief Record
: Get Marc (ISO 2709)
: E-mail record
: |
|
|
| LEADER 00000nam 2200000uu 4500 | |||
| 001 39251 | |||
| 003 ULIBM | |||
| 008 020711s2568 th a 000 0 tha d | |||
| 020 9786166035629 | |||
| 060 WY160 ว448ส | |||
| 100 วัลลภา อันดารา | |||
| 245 สัมพันธภาพและการสื่อสารระหว่างพยาบาลกับผู้ป่วยจิตเวช/วัลลภา อันดารา | |||
| 250 พิมพ์ครั้งที่ 2 | |||
| 260 กรุงเทพฯ :^bวิทยาลัยพยาบาลทหารอากาศ,^c2568 | |||
| 300 206 หน้า | |||
| 650 Psychiatric Nursing | |||
| 650 Nurse-Patient Relations | |||
| 650 Communication | |||
| 650 Interpersonal Relations | |||
| 650 Mental Disorders—nursing | |||
| 999 ^aฐานิตา โสภะสุนทร | |||
| คุณยังไม่ได้ล็อกอิน คุณสามารถมีกิจกรรมร่วมกับเว็บไซต์ได้ แต่ต้องล็อกอินก่อน :: |
|
| สถานะ | |||||||||
| 1. | หนังสือทั่วไป | WY160 ว448ส 2568 ฉ.1 Barcode: 005427 | ►KRPH Library | On Shelf ขอยืม | |||||
| 2. | หนังสือทั่วไป | WY160 ว448ส 2568 ฉ.2 Barcode: 005428 | ►KRPH Library | On Shelf ขอยืม | |||||
| 3. | หนังสือทั่วไป | WY160 ว448ส 2568 ฉ.3 Barcode: 005429 | ►KRPH Library | On Shelf ขอยืม | |||||
| 4. | หนังสือทั่วไป | WY160 ว448ส 2568 ฉ.4 Barcode: 005430 | ►KRPH Library | On Shelf ขอยืม | |||||
| 5. | หนังสือทั่วไป | WY160 ว448ส 2568 ฉ.5 Barcode: 005431 | ►KRPH Library | On Shelf ขอยืม | |||||
| [แสดง 5/5 รายการ] | |||||||||
| รายการใกล้เคียง หัวเรื่อง [Psychiatric Nursing]
|
BibComment |
| คอมเมนท์ทรัพยากรรายการนี้ |
|
|